Szczegóły MARC21

Filomachija /

003 -Nazwa inst., której nr kontr. jest w polu 001 [,]
    • @
    • Nazwa instytucji, której n kontrolny jest w polu 001
    • NUKAT
005 -DATA I CZAS OSTATNIEJ MODYFIKACJI [,]
    • @
    • pole kontrolne
    • 20241231093713.0
020 -Międzynarod. znormalizowany nr książki - ISBN [ , ]
    • a
    • Numer ISBN
    • 8387456675 Find
040 -Instytucja sporządzająca opis [ , ]
    • a
    • Instytucja, która sporządziła opis (NP)
    • POZN U/HC
    • c
    • Instytucja, która sporządziła rekord (NP)
    • POZN U/JG
    • d
    • Instytucja, która zmodyfikowała rekord (P)
    • POZN U/RD
    • d
    • Instytucja, która zmodyfikowała rekord (P)
    • POZN U/JŁs
942 -Rodzaj dokumentu [ , ]
    • c
    • Rodzaj dokumentu
    • Książka
100 -Hasło główne - nazwa osobowa [1, ]
    • a
    • Nazwa osobowa (NP)
    • Morsztyn, Hieronim
    • d
    • Daty biograficzne (NP)
    • (około 1581-około 1623).
    • 9
    • KHW
    • 77792
245 -Strefa tytułu i oznaczenia odpowiedzialności [1,0]
    • a
    • Tytuł
    • Filomachija / Find
    • c
    • Pozostałe elementy strefy tytułu i oznaczenia odpowiedzialności (NP)
    • Hieronim Morsztyn ; wyd. Radosław Grześkowiak ; Instytut Badań Literackich PAN, Stowarzyszenie "Pro Cultura Litteraria".
260 -Strefa adresu wydawniczego [ , ]
    • a
    • Miejsce wydania (P)
    • Warszawa :
    • b
    • Nazwa wydawcy (P)
    • Wydawnictwo IBL :
    • b
    • Nazwa wydawcy (P)
    • "Pro Cultura Litteraria",
    • c
    • Data wydania (P)
    • 2000.
300 -Strefa opisu fizycznego [ , ]
    • a
    • Określenie formy książki i/lub objętość (NP)
    • 265 s. :
    • b
    • Oznaczenie ilustracji (NP)
    • il. ;
    • c
    • Format (NP)
    • 21 cm.
336 -Typ zawartości [ , ]
    • a
    • Termin opisujący typ zawartości
    • Tekst
    • b
    • Kod określający zawartość
    • txt
    • 2
    • Źródło (terminu i kodu)
    • rdacontent
337 -Typ mediów [ , ]
    • a
    • Tryb odtwarzania
    • Bez urządzenia pośredniczącego
    • b
    • Kod typu mediów
    • n
    • 2
    • Źródło (terminu i kodu)
    • rdamedia
338 -Typ/rodzaj nośnika [ , ]
    • a
    • Hasło opisujące typ nośnika
    • Wolumin
    • b
    • Kod typu nośnika
    • nc
    • 2
    • Źródło (terminu i kodu)
    • rdacarrier
490 -Strefa serii i książki wielotomowej - forma nie do wyszukiwania [1, ]
    • a
    • Tytuł (P)
    • Biblioteka Pisarzy Staropolskich, Find
    • x
    • ISSN (NP)
    • 1427-3306 ;
    • v
    • Numeracja (P)
    • t. 20
830 -Hasło dodatkowe serii i opisu książki wielotomowej - tytuł ujednolicony/tytuł [ ,0]
    • a
    • Tytuł ujednolicony/tytuł (NP)
    • Biblioteka Pisarzy Staropolskich
    • x
    • ISSN
    • 1427-3306
    • v
    • Oznaczenie tomu (NP)
    • t. 20
    • 9
    • KHW
    • 77779
500 -Uwaga ogólna [ , ]
    • a
    • Uwaga ogólna (NP)
    • Zawiera także słownik wyrazów archaicznych.
080 -Uniwersalna Klasyfikacja Dziesiętna [ , ]
    • a
    • Symbol klasyfikacji
    • 884-1
080 -Uniwersalna Klasyfikacja Dziesiętna [ , ]
    • a
    • Symbol klasyfikacji
    • +884(091)-1"15/16"Morsztyn Hieronim
600 -Hasło przedmiotowe w formie nazwy osobowej [1,7]
    • a
    • Nazwa osobowa
    • Morsztyn, Hieronim
    • d
    • Daty związane z nazwą
    • (około 1581-około 1623).
    • t
    • Tytuł
    • Philomachia abo Afektów gorącej miłości wyrażenie
    • 2
    • Źródło terminu
    • kaba
    • 9
    • KHW
    • 326908
600 -Hasło przedmiotowe w formie nazwy osobowej [1,7]
    • a
    • Nazwa osobowa
    • Morsztyn, Hieronim
    • d
    • Daty związane z nazwą
    • (około 1581-około 1623).
    • t
    • Tytuł
    • Philomachia abo Afektów gorącej miłości wyrażenie
    • x
    • Określnik rzeczowy
    • komentarze do tekstów.
    • 2
    • Źródło terminu
    • kaba
    • 9
    • KHW
    • 651494
980 -Symbol UKD [ , ]
    • a
    • UKD
    • 884-1+884(091)-1"15/16"Morsztyn Hieronim
700 -Hasło dodatkowe - nazwa osobowa [1, ]
    • a
    • Nazwa osobowa (NP)
    • Grześkowiak, Radosław Find
    • d
    • Daty biograficzne (NP)
    • (1968- ).
    • e
    • Określenie rodzaju współpracy
    • Wyd.
    • 9
    • KHW
    • 77793
710 -Hasło dodatkowe - nazwa ciała zbiorowego [2, ]
    • a
    • Nazwa ciała zbiorowego lub nazwa geograficzna jako pierwszy element (NP)
    • Polska Akademia Nauk.
    • b
    • Nazwa jednostki podrzędnej (P)
    • Instytut Badań Literackich.
    • b
    • Nazwa jednostki podrzędnej (P)
    • Wydawnictwo.
    • 4
    • Kod relacji
    • pbl
    • 9
    • KHW
    • 53680
920 -ISBN [ , ]
    • a
    • ISBN
    • 83-87456-67-5 Find
Data inwentaryzacji Sygnatura Lokalizacja Status udost. Numer inwentarzowy
2004-07-29POL. Bibl. Pisarzy Staropol. T.20BM1P.19331